000 00753nam a22002057a 4500
005 2011022200510.0
008 110222t xxu||||| |||| 00| 0 eng d
010 _aB-422619
020 _a9780670084401
_c399.00
035 _aB-422619
037 _bUBH
082 _a615
100 _aGawande,Atul
_926154
245 _aThe checklist manifesto:
_bhow to get things right/
_cby Atul Gawande
260 _aNew Delhi
_bViking
_c2010
300 _aviii,209p.
_c22cm.(Hb)
942 _2ddc
_cEN
_h615
_mGAW
999 _c50723
_d50723